Гибриды терна и алычи и проблема происхождения культурной сливы (Запись № 7567820)

Подробности
000 -МАРКЕР
контрольное поле 01585nam0a22002891 4500
001 - ИДЕНТИФИКАТОР ЗАПИСИ
контрольное поле rc\2807192
005 - ИДЕНТИФИКАТОР ВЕРСИИ
контрольное поле 20250529180729.0
035 ## - ДРУГИЕ СИСТЕМНЫЕ НОМЕРА
Идентификатор записи (NLR Aleph) 006933088
100 ## - ДАННЫЕ ОБЩЕЙ ОБРАБОТКИ
Данные общей обработки 20110915d1936 |||y0rusy50 ca
101 0# - ЯЗЫК РЕСУРСА
Язык текста, звукозаписи и т.д. русский
102 ## - СТРАНА ПУБЛИКАЦИИ ИЛИ ПРОИЗВОДСТВА
Страна публикации Российская Федерация
105 ## - ПОЛЕ КОДИРОВАННЫХ ДАННЫХ: ТЕКСТОВЫЕ МАТЕРИАЛЫ, МОНОГРАФИЧЕСКИЕ
Кодированные данные о монографическом текстовом документе a z |||||
200 1# - ЗАГЛАВИЕ И СВЕДЕНИЯ ОБ ОТВЕТСТВЕННОСТИ
Основное заглавие Гибриды терна и алычи и проблема происхождения культурной сливы
Первые сведения об ответственности В. А. Рыбин
210 ## - ПУБЛИКАЦИЯ, РАСПРОСТРАНЕНИЕ И ДР.
Место издания, распространения и т.д. Ленинград
-- Москва
Имя издателя, распространителя и т. д. Изд-во Всес. акад. с.-х. наук им. В. И. Ленина. Ленингр. филиал
Дата издания, распространения и т.д. 1936
Место изготовления [Ленинград]
Имя изготовителя тип. "Печатня"
215 ## - ФИЗИЧЕСКАЯ ХАРАКТЕРИСТИКА
Специфическое обозначение материала и объем Обл., 44 с., [5] л. ил.
Другие сведения о физической характеристике ил.
Размеры 25х17 см.
225 1# - СЕРИЯ
Основное заглавие серии Труды по прикладной ботанике, генетике и селекции. Серия II. Генетика, селекция и цитология растений
Сведения об ответственности Всес. акад. с.-х. наук им. В. И. Ленина. Всес. ин-т растениеводства
Обозначение тома № 10
225 1# - СЕРИЯ
Основное заглавие серии [Труды]. Серия 4. Генетика сельскохозяйсственных растений
Обозначение тома № 19
300 ## - ОБЩИЕ ПРИМЕЧАНИЯ
Текст примечания Резюме на англ. яз.
320 ## - ПРИМЕЧАНИЯ О НАЛИЧИИ В ДОКУМЕНТЕ БИБЛИОГРАФИИ / УКАЗАТЕЛЯ
Текст примечания Библиогр.: "Литература" (с. 39-40)
700 #1 - ИМЯ ЛИЦА - ПЕРВИЧНАЯ ОТВЕТСТВЕННОСТЬ
Графика поля Кириллица
Материалы, к которым относится поле rus
Начальный элемент ввода Рыбин
Часть имени, кроме начального элемента ввода В. А.
Дополнения к именам, кроме дат д-р биол. наук
Даты 1893-1979
Расширение инициалов личного имени Владимир Алексеевич
Системный номер авторитетной/нормативной записи 265941
Идентификатор авторитетной/нормативной записи RU\NLR\AUTH\770265997
801 #0 - ИСТОЧНИК ЗАПИСИ
Страна Российская Федерация
Организация NLR
Правила каталогизации psbo
801 #1 - ИСТОЧНИК ЗАПИСИ
Страна Российская Федерация
Организация ELAR
Источник данных rusmarc
852 ## - МЕСТОНАХОЖДЕНИЕ И ШИФР ХРАНЕНИЯ
Идентификатор организации NLR
Шифр хранения (Call Number) П13/28
942 ## - ДОПОЛНИТЕЛЬНЫЕ ЭЛЕМЕНТЫ ЗАПИСИ (АБИС)
Тип экземпляра АБИС Книга
980 ## - КОЛЛЕКЦИЯ
Название коллекции Национальная библиография
Экземпляры
Тип экземпляра Дата поступления Библиотека постоянного хранения Библиотека текущего хранения Место хранения Шифр хранения Штрих-код Статус экземпляра
Книга 26.10.2013 РНБ (Московский) РНБ (Московский) Русский журнальный фонд П13/28 6933088-10